[Event "Elit(Farsta-Vasteras)"]
[Site "?"]
[Date "2009.03.15"]
[Round "11"]
[White "Hjelm, Niclas"]
[Black "Sjodahl, Pontus"]
[Result "0-1"]
[WhiteElo "2382"]
[BlackElo "2505"]
[PlyCount "156"]

1. d4 Nf6 2. c4 c5 3. d5 a6 4. Nf3 d6 5. g3 b5 6. Bg2 g6 7. b3 Bg7 8. Bb2 O-O
9. O-O Ra7 10. a4 bxc4 11. bxc4 e6 12. a5 Re8 13. Ra2 exd5 14. cxd5 Bd7 15. Nc3
Bb5 16. Nd2 Nbd7 17. Re1 Ne5 18. Ba1 Qe7 19. Nf3 Nfg4 20. Nxe5 Nxe5 21. Rf1 Bc4
22. Ra3 Rb7 23. Qc2 Reb8 24. Na4 Bb3 25. Qc1 Bxa4 26. Rxa4 f5 27. Qc2 Rb4 28.
Rxb4 Rxb4 29. Rb1 Qb7 30. Rd1 Qb5 31. e4 fxe4 32. Bxe4 Qa4 33. Qxa4 Rxa4 34.
Bxe5 Bxe5 35. Bd3 Rxa5 36. Rb1 Ra3 37. Bc4 a5 38. Rb7 Ra4 39. Bb5 Rb4 40. Bc6
Rxb7 41. Bxb7 a4 42. Ba6 g5 43. Kg2 g4 44. h3 h5 45. f3 gxf3+ 46. Kxf3 Kf7 47.
g4 Kg6 48. Bb5 a3 49. Bc4 Kg5 50. Ba2 Kh4 51. Bc4 Kxh3 52. gxh5 Kh4 53. h6 Kg5
54. h7 Kh6 55. Kg4 Kxh7 56. Kg5 Kg7 57. Ba2 Bc3 58. Bb3 Bd2+ 59. Kf5 Kh6 60.
Bc4 Kh5 61. Ba2 Kh4 62. Ke4 Kg3 63. Bc4 Bc1 64. Ba2 Bh6 65. Bc4 Kf2 66. Kd3 Ke1
67. Kc2 Bg5 68. Kb3 Bc1 69. Kc2 Bb2 70. Bb5 Kf2 71. Bc4 Ke3 72. Bf1 Kd4 73. Bg2
Kc4 74. Be4 Bd4 75. Kb1 Kb3 76. Bc2+ Kc3 77. Be4 c4 78. Bf3 Kd2 0-1

[Event "Elit(Farsta-Vasteras)"]
[Site "?"]
[Date "2009.03.15"]
[Round "11"]
[White "Akesson, Ralf"]
[Black "Jaderberg, Bjorn"]
[Result "1-0"]
[WhiteElo "2511"]
[BlackElo "2220"]
[PlyCount "57"]

1. d4 Nf6 2. c4 e5 3. dxe5 Ng4 4. Bf4 Nc6 5. Nf3 Bb4+ 6. Nbd2 Qe7 7. a3 Ngxe5
8. Nxe5 Nxe5 9. e3 Bxd2+ 10. Qxd2 d6 11. Be2 O-O 12. O-O b6 13. b4 Ng6 14. Bg3
Bb7 15. c5 dxc5 16. bxc5 Rad8 17. Qb4 f5 18. cxb6 cxb6 19. Qxe7 Nxe7 20. Rfd1
Kf7 21. Bc4+ Kf6 22. Bc7 Rxd1+ 23. Rxd1 Nc8 24. h4 Kg6 25. Rd7 Bc6 26. h5+ Kf6
27. Bd8+ Ke5 28. Rd4 Rxd8 29. f4+ 1-0

[Event "Elit(Farsta-Vasteras)"]
[Site "?"]
[Date "2009.03.15"]
[Round "11"]
[White "Hedin, Gunnar"]
[Black "Nilsson, Andre"]
[Result "1/2-1/2"]
[WhiteElo "2146"]
[BlackElo "2333"]
[PlyCount "26"]

1. d4 g6 2. c4 Bg7 3. Nf3 Nf6 4. g3 O-O 5. Bg2 d6 6. Nc3 Nbd7 7. O-O e5 8. e4
exd4 9. Nxd4 Re8 10. h3 a6 11. Be3 Rb8 12. a4 Nc5 13. Qc2 a5 1/2-1/2

[Event "Elit(Farsta-Vasteras)"]
[Site "?"]
[Date "2009.03.15"]
[Round "11"]
[White "Eriksson, Anders"]
[Black "Wieweg, Johnny"]
[Result "1/2-1/2"]
[WhiteElo "2367"]
[BlackElo "2203"]
[PlyCount "96"]

1. Nf3 Nf6 2. g3 g6 3. Bg2 Bg7 4. c4 O-O 5. O-O d5 6. cxd5 Nxd5 7. Nc3 Nc6 8.
d4 Nb6 9. e3 e5 10. d5 Ne7 11. e4 h6 12. a4 a5 13. Qb3 Kh8 14. Be3 Ra6 15. Bc5
Nd7 16. Ba3 f5 17. Rfd1 c5 18. dxc6 bxc6 19. Bd6 Qe8 20. exf5 gxf5 21. Qa3 Rf7
22. Bf1 f4 23. Bxe7 fxg3 24. Nh4 gxf2+ 25. Kh1 c5 26. Bxc5 Bb7+ 27. Bg2 Bxg2+
28. Kxg2 Qa8+ 29. Rd5 Nb6 30. Qb3 Nxd5 31. Qxd5 Qxd5+ 32. Nxd5 Rc6 33. Bxf2 Rc2
34. Rf1 e4 35. Ne3 Rxb2 36. Nhf5 Rb4 37. Bg3 Rxa4 38. Rd1 Ra2+ 39. Kh3 a4 40.
Nxg7 Kxg7 41. Kg4 a3 42. Rd6 Ra7 43. Nf5+ Kf8 44. Kh5 Rg2 45. Kg6 Ra8 46. Rd7
Ra6+ 47. Nd6 a2 48. Rf7+ Kg8 1/2-1/2

[Event "Elit(Farsta-Vasteras)"]
[Site "?"]
[Date "2009.03.15"]
[Round "11"]
[White "Lagerborg, Krister"]
[Black "Norberg, Johan"]
[Result "1/2-1/2"]
[WhiteElo "2066"]
[BlackElo "2364"]
[PlyCount "103"]

1. e4 g6 2. d4 Bg7 3. c4 d6 4. Nc3 Nf6 5. f3 O-O 6. Be3 Na6 7. Bd3 c5 8. Nge2
cxd4 9. Nxd4 Nc5 10. Bc2 Bd7 11. O-O Ne6 12. Nce2 Nxd4 13. Nxd4 Rc8 14. b3 Qa5
15. a4 Rfd8 16. Rf2 Qc3 17. Qe1 Nxe4 18. fxe4 Bxd4 19. Qxc3 Bxc3 20. Raf1 a6
21. Rxf7 Bf6 22. R7xf6 exf6 23. Rxf6 Bc6 24. Bh6 Rc7 25. Kf2 Re7 26. Kf3 Rde8
27. Rf4 Re5 28. h4 b5 29. axb5 axb5 30. Bd3 Rh5 31. Bg5 h6 32. Bf6 bxc4 33.
Bxc4+ Kh7 34. g4 Ra5 35. Bd4 Re7 36. Rf8 Bxe4+ 37. Kg3 Rae5 38. Bxe5 dxe5 39.
Rf7+ Rxf7 40. Bxf7 Kg7 41. Bc4 Kf6 42. b4 g5 43. h5 Ke7 44. Kf2 Kd6 45. Ke3 Bb7
46. Bd3 Bd5 47. Be4 Bc4 48. Bf3 Ba6 49. Be2 Bb7 50. Bf3 Ba6 51. Ba8 Bc8 52. Bf3
1/2-1/2

[Event "Elit(Farsta-Vasteras)"]
[Site "?"]
[Date "2009.03.15"]
[Round "11"]
[White "Nygren, Kim"]
[Black "Iversen, Kent"]
[Result "1-0"]
[WhiteElo "2295"]
[BlackElo "2050"]
[PlyCount "45"]

1. e4 e5 2. Nf3 Nc6 3. d4 exd4 4. Bc4 Be7 5. c3 Nf6 6. e5 Ne4 7. Bd5 Nc5 8.
cxd4 Ne6 9. Bb3 d5 10. exd6 Qxd6 11. d5 Nb4 12. a3 Nf4 13. Bxf4 Qxf4 14. axb4
Bxb4+ 15. Nc3 O-O 16. O-O Bc5 17. Ra4 Qh6 18. Rh4 Qg6 19. Bc2 f5 20. Re1 Qf6
21. Rc4 b6 22. Qd2 Ba6 23. Rxc5 1-0

[Event "Elit(Farsta-Vasteras)"]
[Site "?"]
[Date "2009.03.15"]
[Round "11"]
[White "Engstrom, Stefan"]
[Black "Norberg, Erik"]
[Result "1/2-1/2"]
[WhiteElo "2076"]
[BlackElo "2289"]
[PlyCount "49"]

1. d4 g6 2. Nf3 Bg7 3. c3 Nf6 4. Bg5 O-O 5. Nbd2 d5 6. e3 c6 7. Bd3 Nbd7 8. O-O
Re8 9. e4 dxe4 10. Nxe4 Nxe4 11. Bxe4 Nf6 12. Bc2 Bg4 13. h3 Bxf3 14. Qxf3 Qd5
15. Qxd5 Nxd5 16. Rfe1 e6 17. a4 Rec8 18. Bb3 Nb6 19. a5 Nd7 20. Rxe6 fxe6 21.
Bxe6+ Kh8 22. Bxd7 Rc7 23. Bg4 Re8 24. Bf3 a6 25. b4 1/2-1/2